000 00300nam a22001217a 4500
008 170810b xxu||||| |||| 00| 0 eng d
041 _aeng
080 _a004
100 _a35
101 _aSHKI
245 _aPEOPLESOFT DEVELOPER'S GUIDE FOR PEOPLETOOLS & PEOPLECODE
_cDOOLITTLE, J
942 _2udc
_cBK
999 _c23075
_d23075